Ensayo de una biblioteca española de los mejores escritores del reynado de Carlos III.

Detalles Bibliográficos
Autor principal: SEMPERE Y GUARINOS, Juan
Formato: Libro
Publicado: Madrid 1785
Materias:
Colección:Banco de datos
Acervo:Biblioteca del Museo de sitio casa de Morelos. Morelia. Michoacán
Descripción Física:t. I
Tema general:Literatura
Notas:Regular. H1,3. Sin marca de fuego. Contiene: Ensayos bibliográficos de autores cuyos apellidos empiezan con las letras A, B, y C.
LEADER 00798nam a22002050004500
035 |a 58253 
036 |a 1314 
100 1 |a SEMPERE Y GUARINOS, Juan 
245 1 0 |a Ensayo de una biblioteca española de los mejores escritores del reynado de Carlos III. 
260 |a Madrid  |b Imprenta Real  |c 1785 
300 |a t. I 
500 |a Regular. H1,3. Sin marca de fuego. Contiene: Ensayos bibliográficos de autores cuyos apellidos empiezan con las letras A, B, y C. 
650 1 0 |a Literatura 
949 |a C.MOR 
959 |a Museo de Sitio Casa de Morelos. Morelia, Michoacán  |b CCC8 
960 |a Museo de Sitio Casa de Morelos, Michoacán  |b DD91 
961 |a Varias Ordenes Religiosas  |b VO 
942 |c MORELIA 
943 |g Biblioteca del Museo de sitio casa de Morelos. Morelia. Michoacán 
999 |c 975752  |d 975752